| 000 | 01293nam a2200349 i 4500 | ||
|---|---|---|---|
| 001 | bg | ||
| 003 | BPK | ||
| 005 | 20210119092357.0 | ||
| 008 | 971113s1987 pl a f f |001 0 pol | ||
| 015 | _aPB 1988/2112 | ||
| 020 | _a832040875X | ||
| 040 |
_aWA N _cBPK |
||
| 041 | 1 |
_apol _hger |
|
| 080 | _a621.38 | ||
| 080 | _a(07) | ||
| 100 | 1 |
_aTietze, Ulrich _eAutor |
|
| 245 | 1 | 0 |
_aUkłady półprzewodnikowe / _cUlrich Tietze, Christoph Schenk. |
| 246 | 1 |
_iTyt. oryg.: _aHalbleiter - Schaltungstechnik, _f1974. |
|
| 250 |
_aWyd. 2 całkowicie zm. i popr. / _btł. [z niem.] Adam Błaszkowski ; [rozdz. 19-21 tł. Jarosław Kukliński]. |
||
| 260 |
_aWarszawa : _bWydawnictwa Naukowo-Techniczne, _c1987. |
||
| 300 |
_a722, [2] s. : _brys., wykr. ; _c25 cm. |
||
| 504 | _aBibliogr. s. 711-715. - Indeks. | ||
| 650 | 4 |
_aElektronika _xurządzenia. |
|
| 650 | 4 | _aPółprzewodniki | |
| 655 | 4 | _aPodręcznik | |
| 700 | 1 |
_aKukliński, Jarosław. _eTł. |
|
| 710 | 2 |
_aWydawnictwa Naukowo-Techniczne _4pbl. |
|
| 700 | 1 |
_aBłaszkowski, Adam _eTłumaczenie |
|
| 700 | 1 |
_aSchenk, Christoph _d(1945- ) _eAutor |
|
| 856 | 4 | 1 |
_uhttp://koha.tu.koszalin.pl/cgi-bin/koha/opac-detail.pl?biblionumber=23865 _yKatalog online BPK |
| 942 |
_2UKD _cKS |
||
| 999 |
_c23865 _d23865 |
||